Noms de Pokémon - Mort subite - Statistiques

Statistiques générales
  • Ce quiz a été pris 199 fois
  • Le résultat moyen est 11 sur 20
Answers on the Grid
Answers color-coded by a green-red scale on the quiz's grid according to % correct below.
Brindibou
Bénabar
Trissotin
Hyporoi
Fumseck
Chupacabra
Reptincel
Gargantua
Pichu
Scalproie
Ratigan
Fulguris
Triopikeur
Totoro
Agumon
Pandespiègle
Pocahontas
Lucario
Robotnik
Racaillou
Fongus-Furie
Crocorible
Marsupilami
Zigzaton
Borat
Amphinobi
Minestrone
Héphaïstos
Flotillon
Zamazenta
Ultron
Tramadol
Queulorior
Doflamingo
Malamute
Toutânkhamon
Électrode
Chittagong
Momartik
Zeraora
 
Statistiques - réponses
Réponse % Correct
Brindibou
86%
Hyporoi
80%
Reptincel
73%
Pichu
69%
Triopikeur
69%
Racaillou
63%
Lucario
62%
Scalproie
60%
Amphinobi
56%
Électrode
56%
Crocorible
54%
Pandespiègle
54%
Zigzaton
54%
Fulguris
52%
Queulorior
48%
Momartik
46%
Zamazenta
43%
Flotillon
42%
Zeraora
42%
Fongus-Furie
33%
Aucun quiz correspondant
Distribution des résultats
% des personnes avec chaque résultat
Percentile par nombre de réponses
Votre historique - résultats
Vous n’avez pas pris ce quiz